Bankovní dohled 1999 Česká národní banka
Salvato in:
| Natura: | Libro |
|---|---|
| Lingua: | ceco |
| Pubblicazione: |
Praha
Česká národní banka
[2000]
|
| Soggetti: | |
| Tags: |
Nessun Tag, puoi essere il primo ad aggiungerne!!
|
MARC
| LEADER | 00000nam a2200000 4500 | ||
|---|---|---|---|
| 001 | c119578 | ||
| 005 | 20221108082702.1 | ||
| 041 | 0 | |a cze | |
| 044 | |a CZ | ||
| 245 | 1 | 0 | |a Bankovní dohled 1999 |b Česká národní banka |
| 264 | 1 | |a Praha |b Česká národní banka |c [2000] | |
| 300 | |a 67 s. |e 1 CD ROM | ||
| 610 | 2 | 0 | |a banky |
| 610 | 2 | 0 | |a bankovníctvo |
| 610 | 2 | 0 | |a dohľad bankový |
| 610 | 2 | 0 | |a riziko bankové |
| 610 | 2 | 0 | |a štruktúra organizačná |
| 610 | 2 | 0 | |a úver bankový |
| 610 | 2 | 0 | |a papiere cenné |
| 610 | 2 | 0 | |a výsledok hospodársky |
| 610 | 2 | 0 | |a aktíva |
| 610 | 2 | 0 | |a ČNB Praha |
| 610 | 2 | 0 | |a Česko |
| 610 | 2 | 0 | |a 1999 |